Синтез и исследование металломатричных композитов с наноразмерными частицами вольфрамата циркония; Современные техника и технологии; Т. 1
| Parent link: | Современные техника и технологии: сборник трудов XXI международной научной конференции студентов, аспирантов и молодых ученых, Томск, 5-9 октября 2015 г./ Национальный исследовательский Томский политехнический университет (ТПУ).— , 2015 Т. 1.— [С. 461-463] |
|---|---|
| Hovedforfatter: | |
| Institution som forfatter: | |
| Andre forfattere: | , , |
| Summary: | Заглавие с титульного экрана Negative thermal expansion behavior of zirconium tungstate (ZrW[2]O[8]) allows us to make use of an alternative strengthening mechanism based on thermal expansion mismatch. In the study an effect of ZrW[2]O[8] particles on the structure and mechanical properties of aluminum was investigated. Al-ZrW[2]O[8] metal matrix composites were produced by cold pressing and sintering the mixtures of commercially pure aluminum and zirconium tungstate. Obtained lattice parameters for aluminum were decreasing with increase of ZrW[2]O[8] content, which may be attributed to the presence of internal residual stresses in the material. Uniaxial compressive test and Vickers hardness test showed that the addition of 0.5 wt% of ZrW[2]O[8] leads to an about 25% increase in mechanical properties of the composites compared to pure aluminum. |
| Sprog: | russisk |
| Udgivet: |
|
| Serier: | Материалы и технологии новых поколений |
| Fag: | |
| Online adgang: | http://earchive.tpu.ru/handle/11683/22019 http://www.lib.tpu.ru/fulltext/c/2015/C01/V1/152.pdf |
| Format: | MixedMaterials Electronisk Book Chapter |
| KOHA link: | https://koha.lib.tpu.ru/cgi-bin/koha/opac-detail.pl?biblionumber=615170 |
MARC
| LEADER | 00000naa2a2200000 4500 | ||
|---|---|---|---|
| 001 | 615170 | ||
| 005 | 20231101132838.0 | ||
| 035 | |a (RuTPU)RU\TPU\conf\13369 | ||
| 035 | |a RU\TPU\conf\13366 | ||
| 090 | |a 615170 | ||
| 100 | |a 20151028d2015 k y0rusy50 ca | ||
| 101 | 0 | |a rus |d eng | |
| 102 | |a RU | ||
| 105 | |a y z 101zy | ||
| 135 | |a drgn ---uucaa | ||
| 181 | 0 | |a i | |
| 182 | 0 | |a b | |
| 200 | 1 | |a Синтез и исследование металломатричных композитов с наноразмерными частицами вольфрамата циркония |d Metal matrix composites with nanosized zirconium tungstatep articles |f В. С. Шадрин, Е. С. Дедова, Р. Гебер |g науч. рук. С. Н. Кульков | |
| 203 | |a Текст |c электронный | ||
| 225 | 1 | |a Материалы и технологии новых поколений | |
| 230 | |a 1 компьютерный файл (pdf; 528 Kb) | ||
| 300 | |a Заглавие с титульного экрана | ||
| 320 | |a [Библиогр.: с. 463 (2 назв.)] | ||
| 330 | |a Negative thermal expansion behavior of zirconium tungstate (ZrW[2]O[8]) allows us to make use of an alternative strengthening mechanism based on thermal expansion mismatch. In the study an effect of ZrW[2]O[8] particles on the structure and mechanical properties of aluminum was investigated. Al-ZrW[2]O[8] metal matrix composites were produced by cold pressing and sintering the mixtures of commercially pure aluminum and zirconium tungstate. Obtained lattice parameters for aluminum were decreasing with increase of ZrW[2]O[8] content, which may be attributed to the presence of internal residual stresses in the material. Uniaxial compressive test and Vickers hardness test showed that the addition of 0.5 wt% of ZrW[2]O[8] leads to an about 25% increase in mechanical properties of the composites compared to pure aluminum. | ||
| 337 | |a Adobe Reader | ||
| 461 | 1 | |0 (RuTPU)RU\TPU\conf\13102 |t Современные техника и технологии |o сборник трудов XXI международной научной конференции студентов, аспирантов и молодых ученых, Томск, 5-9 октября 2015 г. |o в 2 т. |f Национальный исследовательский Томский политехнический университет (ТПУ) |d 2015 | |
| 463 | 0 | |0 (RuTPU)RU\TPU\conf\13104 |t Т. 1 |f под ред. А. А. Сивкова [и др.] |v [С. 461-463] | |
| 510 | 1 | |a Metal matrix composites with nanosized zirconium tungstatep articles |z eng | |
| 610 | 1 | |a труды учёных ТПУ | |
| 610 | 1 | |a электронный ресурс | |
| 610 | 1 | |a синтез | |
| 610 | 1 | |a исследования | |
| 610 | 1 | |a металломатричные композиты | |
| 610 | 1 | |a наноразмерные частицы | |
| 610 | 1 | |a вольфрамат циркония | |
| 700 | 1 | |a Шадрин |b В. С. | |
| 701 | 1 | |a Дедова |b Е. С. |c специалист в области материаловедения |c ассистент кафедры Томского политехнического университета |f 1987- |g Елена Сергеевна |2 stltpush |3 (RuTPU)RU\TPU\pers\32944 | |
| 701 | 1 | |a Гебер |b Р. | |
| 702 | 1 | |a Кульков |b С. Н. |c специалист в области материаловедения |c профессор Томского политехнического университета, доктор физико-математических наук |f 1952- |g Сергей Николаевич |2 stltpush |4 727 | |
| 712 | 0 | 2 | |a Национальный исследовательский Томский политехнический университет (ТПУ) |b Институт физики высоких технологий (ИФВТ) |b Кафедра материаловедения в машиностроении (ММС) |h 74 |2 stltpush |3 (RuTPU)RU\TPU\col\18688 |
| 801 | 2 | |a RU |b 63413507 |c 20210120 |g RCR | |
| 856 | 4 | |u http://earchive.tpu.ru/handle/11683/22019 | |
| 856 | 4 | |u http://www.lib.tpu.ru/fulltext/c/2015/C01/V1/152.pdf | |
| 942 | |c BK | ||